[Event "The King part 2"]
[Site "SchemingMind.com"]
[Date "2007.10.27"]
[Round "-"]
[White "eckhart"]
[Black "Han Solo"]
[Result "0-1"]
[WhiteCountry "ITA"]
[BlackCountry "HUN"]
[WhiteElo "1388"]
[WhiteRD "103"]
[BlackElo "1737"]
[BlackRD "83"]
[GameID "126498"]

1. d4 d5 2. c4 c6 3. e3 Nf6 4. Nc3 e6 5. Nf3 Bb4 6. Bd3 dxc4 7. Bxc4 b5 8. Bd3 O-O 9. O-O Nbd7 10. Qb3 Qe7
11. Ne4 Bb7 12. Nxf6+ Nxf6 13. Ng5 c5 14. dxc5 Qxc5 15. e4 h6 16. a3 Ba5 17. Nf3 Bxe4 18. Qxb5 Qxb5 19. Bxb5 Rfd8 20. Be3 Rab8
21. a4 Bb6
0-1

[Event "The King part 2"]
[Site "SchemingMind.com"]
[Date "2007.10.28"]
[Round "-"]
[White "eckhart"]
[Black "mr_inconsistent"]
[Result "0-1"]
[WhiteCountry "ITA"]
[BlackCountry "IND"]
[WhiteElo "1258"]
[WhiteRD "135"]
[BlackElo "1316"]
[BlackRD "98"]
[GameID "126501"]

1. d4 d5 2. c4 Nf6 3. e3 e6 4. Nf3 Bb4+ 5. Bd2 Bxd2+ 6. Nbxd2 b6 7. Ne5 Nbd7 8. cxd5 Nxd5 9. Bb5 O-O 10. Qh5 Nxe5
11. Qxe5 Bd7 12. a4 Bxb5 13. axb5 Qd7 14. O-O Qxb5 15. Qe4 Qxb2 16. Nc4 Qb5 17. Rfc1 Qd7 18. Ne5 Qe7 19. Nc6 Qe8 20. Qh4 a5
21. e4 Nf6 22. e5 Nd5 23. Qg5 a4 24. Ra3 f6 25. exf6 Rxf6 26. Ne5 Qf8 27. Nd7 Qxa3 28. Nxf6+ Nxf6 29. h3 Rc8
0-1

[Event "The King part 2"]
[Site "SchemingMind.com"]
[Date "2007.10.27"]
[Round "-"]
[White "eckhart"]
[Black "jamesm_beatty"]
[Result "1-0"]
[WhiteCountry "ITA"]
[BlackCountry "USA"]
[WhiteElo "1332"]
[WhiteRD "122"]
[BlackElo "1503"]
[BlackRD "73"]
[GameID "126502"]

1. d4 Nf6 2. c4 g6 3. Nf3 Bg7 4. e3 O-O 5. Nc3 d5 6. Be2 c6 7. O-O Be6 8. cxd5 cxd5 9. b3 Nbd7 10. a4 Rc8
11. Bb2 Qa5 12. Qd2 Ne4 13. Nxe4 Qxd2 14. Nexd2 Bg4 15. Bb5 Nf6 16. Ba3 Rc7 17. Rac1 Rfc8 18. Rxc7 Rxc7 19. Ne5 Bf5 20. Rc1 Rxc1+
21. Bxc1 a6 22. Bd3 Be6 23. Ba3 Ne8 24. Bxe7 Nc7 25. Ndf3 b5 26. axb5 axb5 27. Bd8 Bxe5 28. Nxe5 Bf5 29. Bxc7 Bxd3 30. Nxd3
1-0

[Event "The King part 2"]
[Site "SchemingMind.com"]
[Date "2007.10.29"]
[Round "-"]
[White "eckhart"]
[Black "lemmie"]
[Result "1/2-1/2"]
[WhiteCountry "ITA"]
[BlackCountry "NED"]
[WhiteElo "1391"]
[WhiteRD "110"]
[BlackElo "1639"]
[BlackRD "62"]
[GameID "126503"]

1. d4 d5 2. c4 dxc4 3. e3 e6 4. Nf3 c6 5. Bxc4 Nf6 6. O-O Bd6 7. Nc3 O-O 8. Bd2 b6 9. Ne2 Bb7 10. Nf4 c5
11. dxc5 Bxc5 12. Bc3 Qxd1 13. Rfxd1 Bxf3 14. gxf3 Nbd7 15. Nd3 Be7 16. Ne5 Nxe5 17. Bxe5 Rac8 18. b3 h6 19. Rd3 Rfd8 20. Rad1 Ne8
21. Kg2 Nc7 22. Bxc7 Rxd3 23. Rxd3 Rxc7 24. f4 a5 25. e4 a4 26. f5 axb3 27. axb3 exf5 28. e5 Bc5 29. e6 fxe6 30. Bxe6+ Kf8
31. Bxf5 Rf7 32. Rd8+ Ke7 33. Rd7+ Kf6 34. Rxf7+ Kxf7 35. Bd3 Kf6 36. f3 g5 37. Be2= Kf5 38. h3 Kf4 39. Bc4 h5 40. Bf7 h4
41. Be6 b5 42. Bd5 b4 43. Be6 Ke3 44. Bd5 Ke2 45. Be6 Bd4 46. Bd5 Ke1=
1/2-1/2

[Event "The King part 2"]
[Site "SchemingMind.com"]
[Date "2007.10.27"]
[Round "-"]
[White "jtrochez1"]
[Black "eckhart"]
[Result "1-0"]
[WhiteCountry "HON"]
[BlackCountry "ITA"]
[WhiteElo "1500"]
[WhiteRD "47"]
[BlackElo "1258"]
[BlackRD "135"]
[GameID "126505"]

1. e4 e5 2. Nf3 Nc6 3. Bc4 Bc5 4. Nc3 Nf6 5. h3 O-O 6. a3 Nd4 7. d3 a6 8. Nxd4 Bxd4 9. Bg5 b5 10. Bb3 Bb7
11. Qd2 Rb8 12. f4 exf4 13. Qxf4 d6 14. O-O-O h6 15. h4 hxg5 16. hxg5 d5 17. Qh4 Nh5 18. Qxh5 f6 19. g6 Be3+ 20. Kb1 Bh6
21. Rhg1 c6 22. Rde1
1-0

[Event "The King part 2"]
[Site "SchemingMind.com"]
[Date "2007.10.27"]
[Round "-"]
[White "Han Solo"]
[Black "eckhart"]
[Result "1-0"]
[WhiteCountry "HUN"]
[BlackCountry "ITA"]
[WhiteElo "1508"]
[WhiteRD "99"]
[BlackElo "1258"]
[BlackRD "135"]
[GameID "126506"]

1. e4 e5 2. Nf3 Nc6 3. Bb5 a6 4. Bxc6 dxc6 5. O-O Bg4 6. h3 h5 7. d3 Qf6 8. Nbd2 Ne7 9. Nc4 Bxf3 10. Qxf3 Qxf3
11. gxf3 Ng6 12. Be3 O-O-O 13. Rfd1 Nf4 14. Nxe5 Nxh3+ 15. Kg2 Bd6 16. Nxf7 Rhf8 17. Nxd8
1-0

[Event "The King part 2"]
[Site "SchemingMind.com"]
[Date "2007.10.27"]
[Round "-"]
[White "mr_inconsistent"]
[Black "eckhart"]
[Result "0-1"]
[WhiteCountry "IND"]
[BlackCountry "ITA"]
[WhiteElo "1406"]
[WhiteRD "90"]
[BlackElo "1391"]
[BlackRD "110"]
[GameID "126509"]

1. e4 e5 2. Nf3 Nc6 3. Bc4 Bc5 4. Nc3 Nf6 5. d3 a6 6. Bg5 Nd4 7. O-O d6 8. Nxd4 Bxd4 9. Rb1 O-O 10. Nd5 b5
11. Bb3 Bb7 12. c3 Bb6 13. Nxf6+ gxf6 14. Bh4 d5 15. Bxd5 c6 16. Bb3 a5 17. Qg4+ Kh8 18. Qf3 Kg7 19. Bd1 Rg8 20. Kh1 Kf8
21. Bxf6 Qd6 22. Qh5 Qxf6 23. Bg4 h6 24. g3 Qg5 25. f3 Qxh5 26. Bxh5 Be3 27. Rfe1 Bc5 28. Rf1 Ba6 29. Bg4 b4 30. c4 Bd4
31. h4 Rd8 32. b3 Bc3 33. Kh2 Rxd3 34. Rf2 c5 35. Re2 Ke7 36. Kg2 Rgd8 37. Bf5 Rd2 38. Rf2 Rxf2+ 39. Kxf2 Rd2+ 40. Ke3 Rxa2
41. g4 f6 42. h5 Bd4+ 43. Kd3 Rf2 44. Re1 Rxf3+ 45. Kc2 Rf2+ 46. Kd3 Rb2 47. Re2 Rxb3+ 48. Kc2 Rb2+ 49. Kd3 Rxe2 50. Kxe2 a4
51. Kd2 Bxc4
0-1

[Event "The King part 2"]
[Site "SchemingMind.com"]
[Date "2007.10.27"]
[Round "-"]
[White "jamesm_beatty"]
[Black "eckhart"]
[Result "1-0"]
[WhiteCountry "USA"]
[BlackCountry "ITA"]
[WhiteElo "1524"]
[WhiteRD "72"]
[BlackElo "1258"]
[BlackRD "135"]
[GameID "126510"]

1. e4 e5 2. Nf3 Nc6 3. Bc4 Bc5 4. c3 Nf6 5. d4 exd4 6. cxd4 Bb4+ 7. Nc3 Nxe4 8. O-O Nxc3 9. bxc3 Bxc3 10. Ng5 d5
11. Ba3 Bxa1 12. Re1+ Ne7 13. Rxe7+ Qxe7 14. Bxe7 Kxe7 15. Qe2+ Kd7 16. Bxd5 Bxd4 17. Qg4+
1-0

[Event "The King part 2"]
[Site "SchemingMind.com"]
[Date "2007.10.29"]
[Round "-"]
[White "lemmie"]
[Black "eckhart"]
[Result "1-0"]
[WhiteCountry "NED"]
[BlackCountry "ITA"]
[WhiteElo "1681"]
[WhiteRD "66"]
[BlackElo "1258"]
[BlackRD "135"]
[GameID "126511"]

1. e4 e5 2. Nf3 Nc6 3. Bc4 Bc5 4. d3 Nf6 5. Bg5 Nd4 6. Nxe5 Ne6 7. Nf3 Nxg5 8. Nxg5 Ng4 9. Qxg4 d5 10. Qf4 Qf6
11. Qxf6 gxf6 12. Nxf7 Kxf7 13. Bxd5+ Kg7 14. f4 c6 15. Bb3 Re8 16. Nd2 Be3 17. O-O-O Bxf4 18. g3 Be3 19. Rde1 Bg5 20. h4 Bxd2+
21. Kxd2 Be6 22. h5 Bxb3 23. axb3 Re7 24. Ref1 Rae8 25. g4 Re5 26. Rf5 b5 27. Rhf1 Rxf5 28. Rxf5 Re5 29. Ke3 c5 30. Kf4 Rxf5+
31. Kxf5
1-0

[Event "The King part 2"]
[Site "SchemingMind.com"]
[Date "2007.10.28"]
[Round "-"]
[White "Schaakmaatje"]
[Black "jtrochez1"]
[Result "1-0"]
[WhiteCountry "NED"]
[BlackCountry "HON"]
[WhiteElo "1751"]
[WhiteRD "70"]
[BlackElo "1524"]
[BlackRD "49"]
[GameID "126566"]

1. d4 d5 2. Bf4 Nf6 3. Nf3 Nc6 4. e3 h6 5. c4 e6 6. Be2 Be7 7. h3 Bb4+ 8. Nc3 Ne4 9. Qc2 Ng5 10. O-O Bxc3
11. bxc3 Ne4 12. Nd2 Nxd2 13. Qxd2 Ne7 14. Rab1 Ng6 15. Bh2 c6 16. Bh5 O-O 17. Bxg6 fxg6 18. Be5 b6 19. Qc2 Qe8 20. Qe2 a5
21. Rxb6 Ba6 22. Rfb1 Bxc4 23. Qc2 a4 24. Rb7 Rf6 25. Rb8 Rxb8 26. Rxb8 Qxb8 27. Bxb8
1-0

[Event "The King part 2"]
[Site "SchemingMind.com"]
[Date "2007.10.27"]
[Round "-"]
[White "Schaakmaatje"]
[Black "Han Solo"]
[Result "1-0"]
[WhiteCountry "NED"]
[BlackCountry "HUN"]
[WhiteElo "1755"]
[WhiteRD "48"]
[BlackElo "1568"]
[BlackRD "97"]
[GameID "126567"]

1. b4 c6 2. Bb2 Qb6 3. a3 a5 4. c3 d5 5. d4 Nf6 6. e3 Bf5 7. Nd2 Nbd7 8. Be2 e5 9. dxe5 Nxe5 10. Ndf3 Nc4
11. Bxc4 dxc4 12. Ne2 Rd8 13. Qc1 Be7 14. O-O O-O 15. Nfd4 Bd3 16. Re1
1-0

[Event "The King part 2"]
[Site "SchemingMind.com"]
[Date "2007.11.01"]
[Round "-"]
[White "Schaakmaatje"]
[Black "Lazaro"]
[Result "1-0"]
[WhiteCountry "NED"]
[BlackCountry "CUB"]
[WhiteElo "1755"]
[WhiteRD "46"]
[BlackElo "1507"]
[BlackRD "47"]
[GameID "126569"]

1. d4 d5 2. Nf3 Nf6 3. Bf4 Bf5 4. e3 e6 5. c3 Nbd7 6. h3 h6 7. Bd3 Bxd3 8. Qxd3 Bd6 9. Ne5 Bxe5 10. Bxe5 Nxe5
11. dxe5 Ne4 12. Nd2 Nxd2 13. Qxd2 Qg5 14. f4 Qg3+ 15. Qf2 Qxf2+ 16. Kxf2 c5 17. Rhd1
1-0

[Event "The King part 2"]
[Site "SchemingMind.com"]
[Date "2007.10.28"]
[Round "-"]
[White "Schaakmaatje"]
[Black "mr_inconsistent"]
[Result "1-0"]
[WhiteCountry "NED"]
[BlackCountry "IND"]
[WhiteElo "1755"]
[WhiteRD "48"]
[BlackElo "1406"]
[BlackRD "90"]
[GameID "126570"]

1. g4 d5 2. Bg2 Bxg4 3. c4 Nf6 4. cxd5 Nxd5 5. Qb3 b6 6. Bxd5 c6 7. Bxf7+ Kd7 8. Qd3+ Kc7 9. Qxd8+ Kxd8 10. Nc3 Nd7
11. Bb3 g6 12. d4 Bg7 13. Be3 Kc7 14. h3 Bf5 15. Rc1 Rad8 16. Nf3 Kb7 17. Nh4 Bf6 18. Nxf5 gxf5 19. Be6 Nb8 20. Bxf5 Na6
21. a3 Bxd4 22. Bxd4 Rxd4 23. O-O h6 24. Rfd1 Rg8+ 25. Kh2 Rf4 26. Be4 Nc5 27. Bf3 a5 28. Rg1 Re8 29. Rg6 Rh4 30. Bg4 e5
31. Kg3 h5 32. Kxh4 hxg4 33. Kxg4 e4 34. h4 Rf8 35. b4 axb4 36. axb4 Nb3 37. Rd1 Rf7 38. Nxe4 Kc7 39. Rdd6
1-0

[Event "The King part 2"]
[Site "SchemingMind.com"]
[Date "2007.10.27"]
[Round "-"]
[White "Schaakmaatje"]
[Black "jamesm_beatty"]
[Result "1-0"]
[WhiteCountry "NED"]
[BlackCountry "USA"]
[WhiteElo "1755"]
[WhiteRD "48"]
[BlackElo "1498"]
[BlackRD "72"]
[GameID "126571"]

1. f4 d5 2. Nf3 Nf6 3. e3 Bg4 4. d4 e6 5. Bd3 Nc6 6. O-O a6 7. c3 Ne4 8. Nbd2 Nxd2 9. Bxd2 h6 10. Qc2 Be7
11. Rae1 f5 12. h3 Bxf3 13. gxf3 Bh4 14. Re2 O-O 15. e4 fxe4 16. fxe4 e5 17. dxe5 Qd7 18. exd5 Qxh3 19. Rh2 Qg4+ 20. Rg2 Bg3
21. Be1 Rxf4 22. Rxg3 Rxf1+ 23. Bxf1 Nd4 24. Qd3 Nf3+ 25. Qxf3 Qxf3 26. Rxf3 g5 27. Bc4 Kg7 28. Bg3 h5 29. e6 Rf8 30. Rxf8 Kxf8
31. Bxc7 g4 32. d6 h4 33. d7
1-0

[Event "The King part 2"]
[Site "SchemingMind.com"]
[Date "2007.10.29"]
[Round "-"]
[White "Schaakmaatje"]
[Black "lemmie"]
[Result "1-0"]
[WhiteCountry "NED"]
[BlackCountry "NED"]
[WhiteElo "1751"]
[WhiteRD "70"]
[BlackElo "1688"]
[BlackRD "68"]
[GameID "126572"]

1. e4 e5 2. Nf3 Nc6 3. Bb5 a6 4. Ba4 b5 5. Bb3 d6 6. O-O Nf6 7. d3 h6 8. c3 Bb7 9. a4 Be7 10. Na3 Na7
11. axb5 axb5 12. Nc2 O-O 13. Ne3 c6 14. Nf5 Bc8 15. Ng3 Bg4 16. h3 Bxf3 17. Qxf3 Nh7 18. Nf5 Ng5 19. Nxe7+ Qxe7 20. Qg3 Kh8
21. f4 exf4 22. Bxf4 Ne6 23. Bxd6 Qd7 24. Bxe6 Qxe6 25. Bxf8
1-0

[Event "The King part 2"]
[Site "SchemingMind.com"]
[Date "2007.10.28"]
[Round "-"]
[White "Schaakmaatje"]
[Black "eckhart"]
[Result "0-1"]
[WhiteCountry "NED"]
[BlackCountry "ITA"]
[WhiteElo "1803"]
[WhiteRD "57"]
[BlackElo "1258"]
[BlackRD "135"]
[GameID "126574"]

1. e4 e5 2. f4 exf4 3. Nf3 d6 4. d4 g5 5. Bc4 h6 6. g3 fxg3 7. O-O gxh2+ 8. Kh1 Nf6 9. Nxg5 hxg5 10. Bxg5 Be7
11. Nc3 Bh3 12. Rf2 Ng4
0-1

[Event "The King part 2"]
[Site "SchemingMind.com"]
[Date "2007.10.28"]
[Round "-"]
[White "jtrochez1"]
[Black "Schaakmaatje"]
[Result "0-1"]
[WhiteCountry "HON"]
[BlackCountry "NED"]
[WhiteElo "1500"]
[WhiteRD "47"]
[BlackElo "1803"]
[BlackRD "57"]
[GameID "126575"]

1. e4 e6 2. d4 d5 3. e5 c5 4. c3 Bd7 5. Nf3 Qb6 6. Qc2 Bb5 7. Be3 Bxf1 8. Rxf1 Nd7 9. Nbd2 Ne7 10. g4 Nc6
11. Nb3 Rc8 12. Qd2 f6 13. Qe2 c4 14. Nc1 Be7 15. h4 O-O 16. g5 Qd8 17. Rg1 fxe5 18. dxe5 Ndxe5 19. Nxe5 Nxe5 20. f4 Ng6
21. Qh2 e5 22. Ne2 Bd6 23. O-O-O exf4 24. Nxf4 Nxf4 25. Kb1 Nd3 26. Qg2 Bf4 27. Bd4 Rc6 28. g6 Rxg6 29. Qh3 Qd6 30. h5 Rxg1
31. Rxg1 Be5 32. h6 Bxd4 33. cxd4 g6 34. Qe3 Qf6
0-1

[Event "The King part 2"]
[Site "SchemingMind.com"]
[Date "2007.10.28"]
[Round "-"]
[White "Han Solo"]
[Black "Schaakmaatje"]
[Result "1-0"]
[WhiteCountry "HUN"]
[BlackCountry "NED"]
[WhiteElo "1641"]
[WhiteRD "92"]
[BlackElo "1746"]
[BlackRD "45"]
[GameID "126576"]

1. e4 c5 2. Nf3 Nc6 3. d4 cxd4 4. Nxd4 e5 5. Nb5 a6 6. Nd6+ Bxd6 7. Qxd6 Qe7 8. Qd1 Nf6 9. Nc3 O-O 10. Be3 b5
11. Bd3 h6 12. a3 Bb7 13. O-O Rac8 14. Nd5 Nxd5 15. exd5 Nd8 16. Qg4 Qf6 17. Qxd7 g5 18. b4 Kg7 19. Bc5
1-0

[Event "The King part 2"]
[Site "SchemingMind.com"]
[Date "2007.11.01"]
[Round "-"]
[White "Lazaro"]
[Black "Schaakmaatje"]
[Result "0-1"]
[WhiteCountry "CUB"]
[BlackCountry "NED"]
[WhiteElo "1595"]
[WhiteRD "46"]
[BlackElo "1746"]
[BlackRD "45"]
[GameID "126578"]

1. Nf3 c5 2. c4 Nc6 3. d4 cxd4 4. Nxd4 e5 5. Nb5 Bb4+ 6. N1c3 d6 7. a3 Bc5 8. b4 Bd4 9. e3 Bxc3+ 10. Nxc3 f5
11. Bb2 Nf6
0-1

[Event "The King part 2"]
[Site "SchemingMind.com"]
[Date "2007.10.28"]
[Round "-"]
[White "mr_inconsistent"]
[Black "Schaakmaatje"]
[Result "0-1"]
[WhiteCountry "IND"]
[BlackCountry "NED"]
[WhiteElo "1406"]
[WhiteRD "90"]
[BlackElo "1755"]
[BlackRD "48"]
[GameID "126579"]

1. e4 e5 2. Nf3 Nc6 3. Nc3 Nf6 4. Bc4 Nxe4 5. Nxe4 d5 6. Qe2 dxc4 7. Qxc4 Be6 8. Qe2 Be7 9. Nc3 Bf6 10. d3 O-O
11. O-O h6 12. a3 Re8 13. Bd2 Bf5 14. b4 Nd4 15. Qd1 Bg4 16. Ne4 Bxf3 17. gxf3 Bh4 18. c3 Ne6 19. Ng3 Qxd3 20. Rc1 Rad8
21. Be3 b6 22. Qxd3 Rxd3 23. Rfd1 Red8 24. Rxd3 Rxd3 25. Kg2 Bg5 26. Nf1 Nf4+ 27. Bxf4 Bxf4 28. Rc2 f5 29. Ng3 g6 30. Ne2 Bd2
31. Kg3 g5 32. h3 e4 33. Nc1 Rxf3+ 34. Kg2 Bxc3 35. Ne2 Be5 36. Ra2 Kf7 37. Ng1 Rd3 38. Ne2 Ke6 39. Ng1 Kd5 40. Ne2 Kc4
41. Nc1 Rc3 42. Ne2 Rd3 43. Rc2+ Bc3 44. Nc1 Rd2 45. Rxd2 Bxd2 46. Ne2 c5 47. bxc5 bxc5
0-1

[Event "The King part 2"]
[Site "SchemingMind.com"]
[Date "2007.10.27"]
[Round "-"]
[White "jamesm_beatty"]
[Black "Schaakmaatje"]
[Result "0-1"]
[WhiteCountry "USA"]
[BlackCountry "NED"]
[WhiteElo "1503"]
[WhiteRD "73"]
[BlackElo "1859"]
[BlackRD "52"]
[GameID "126580"]

1. e4 e6 2. d4 d5 3. Nc3 Nf6 4. e5 Nfd7 5. f4 c5 6. dxc5 Bxc5 7. Bd3 Nc6 8. Qg4 Kf8 9. a3 Qb6 10. Nge2 h5
11. Qg3 h4 12. Qg4 h3 13. gxh3 Ncxe5 14. fxe5 Nxe5 15. Qg3 Rh5 16. Be3 Bxe3 17. Nf4 Bxf4 18. Qxf4 Nxd3+ 19. cxd3 Bd7 20. Rf1 Rf5
21. Qb4+ Qxb4 22. axb4 Rxf1+ 23. Kxf1 f6 24. Ne2 e5 25. Ng3 Bxh3+ 26. Kf2 Rc8 27. Rxa7 Rc2+ 28. Kf3 Bg2+ 29. Ke3 d4#
0-1

[Event "The King part 2"]
[Site "SchemingMind.com"]
[Date "2007.10.29"]
[Round "-"]
[White "lemmie"]
[Black "Schaakmaatje"]
[Result "0-1"]
[WhiteCountry "NED"]
[BlackCountry "NED"]
[WhiteElo "1639"]
[WhiteRD "62"]
[BlackElo "1755"]
[BlackRD "48"]
[GameID "126581"]

1. e4 e6 2. d4 d5 3. e5 c5 4. Nf3 Nc6 5. c3 Nge7 6. Be3 Nf5 7. Qd2 cxd4 8. cxd4 Be7 9. Bd3 Nxe3 10. Qxe3 h6
11. O-O Nb4 12. Bb5+ Bd7 13. Bxd7+ Qxd7 14. Qb3 Rc8 15. Nc3 O-O 16. a3 Nc6 17. h3 Na5 18. Qd1 Nc4 19. Qe2 a6 20. Nd2 Nxb2
21. Nd1 Nxd1 22. Rfxd1 Rc3 23. a4 Rfc8 24. Nf3 Rc2 25. Qe1 R8c3 26. a5 Bb4 27. Qf1 Qc7 28. Ne1 Rb2 29. Nd3 Rbb3 30. Nxb4 Rxb4
31. Qe1 Rbc4 32. Rdb1 Rd3 33. Rd1 Rdxd4 34. Rxd4 Rxd4 35. Qe3 Rc4 36. Rb1 d4 37. Qe4 Rc1+ 38. Rxc1 Qxc1+ 39. Kh2 Qb2 40. f3 d3
41. Qxd3 Qxe5+ 42. Kg1 Qxa5 43. Qd7 Qb6+ 44. Kh1 Qc6 45. Qd8+ Kh7 46. Qd3+ g6 47. h4 Qd5 48. Qb1 b5 49. Qc2 b4 50. Qc7 Kg7
51. Qb6 a5 52. Qf2 e5 53. g4 a4 54. Kg2 a3 55. Qe1 b3 56. Qc3 a2 57. Qb2 Qd4
0-1

[Event "The King part 2"]
[Site "SchemingMind.com"]
[Date "2007.10.28"]
[Round "-"]
[White "eckhart"]
[Black "Schaakmaatje"]
[Result "0-1"]
[WhiteCountry "ITA"]
[BlackCountry "NED"]
[WhiteElo "1258"]
[WhiteRD "135"]
[BlackElo "1803"]
[BlackRD "57"]
[GameID "126583"]

1. d4 Nf6 2. c4 c5 3. d5 b5 4. cxb5 a6 5. f3 g6 6. Nc3 d6 7. e4 Nbd7 8. Bd3 Ne5 9. Nge2 Bg7 10. O-O Qb6
11. Be3 O-O 12. Qd2 Nxd3 13. Qxd3 Nd7 14. Rab1 Ne5 15. Na4 Qxb5 16. Qxb5 axb5 17. Nb6 Ra6 18. Nxc8 Rxc8 19. a3 Nc4 20. Bf4 Bxb2
0-1